00759 2200253 4500001002100000005001700021008004100038020002200079035002500101040001200126082001900138084002300157245013400180250001100314260002800325300002500353504002900378650001500407700001700422850001200439990001800451990001800469990001800487INLIS00000000000535720150825091110.0  a978-602-7544-38-3 a0010-051500000000490 aYOPDYOG 223a305.899222 aNus 305.899222 Kaj aKAJIAN nilai luhur budaya Jawa diluar ruang kebudayaan jawab: Studi tentang praktek nilai-nilai jawa ...c/ Editor; Widya Nayati aCet. 2 aYogyakartabOmbakc2014 ax, 62 hlm.c; 21 cm. aBibliografi : hlm. 52-54 aOrang Jawa aWIDYA Nayati aYOPDYOG a12585-PD/B.15 a12586-PD/B.15 a12587-PD/B.15